Les 50 plus Grandes Villes d'Europe - Statistiques

Statistiques générales
  • Ce quiz a été pris 929 fois
  • Le résultat moyen est 39 sur 50
Statistiques - réponses
Population (en millions d'hab) Pays Ville % Correct
14.3M Royaume-Uni Londres
100%
6.5M Espagne Madrid
100%
10.8M France Paris
100%
12.6M Russie Moscou
99%
4M Italie Rome
99%
4.8M Espagne Barcelone
98%
4.7M Allemagne Berlin
98%
3.M Ukraine Kiev
98%
2.7M Portugal Lisbonne
98%
1.6M France Marseille
98%
3.5M Grèce Athènes
97%
2.3M France Lyon
97%
2.1M Belgique Bruxelles
96%
5.3M Italie Milan
96%
1.9M Autriche Vienne
95%
2.7M Royaume-Uni Manchester
94%
5.4M Russie Saint-Pétersbourg
94%
3.1M Pologne Varsovie
94%
1.8M Roumanie Bucarest
91%
1.1M Pays-Bas Amsterdam
90%
1.8M Hongrie Budapest
90%
1.1M France Lille
90%
1.8M Portugal Porto
90%
1.2M Irlande Dublin
89%
2.2M Italie Naples
89%
1.3M Danemark Copenhague
87%
1.2M France Bordeaux
86%
1.3M République Tchèque Prague
86%
1.6M Suède Stockholm
86%
1.4M France Toulouse
86%
1.3M Finlande Helsinki
85%
1.6M Allemagne Munich
85%
1.8M Italie Turin
85%
1.3M Bulgarie Sofia
81%
2M Biélorussie Minsk
79%
1.4M Suisse Zurich
79%
1.4M Serbie Belgrade
73%
1.8M Allemagne Hambourg
72%
2.6M Royaume-Uni Birmingham
71%
1M Belgique Anvers
62%
1.1M Allemagne Cologne
57%
1.7M Royaume-Uni Glasgow
57%
1.9M Royaume-Uni Leeds
52%
1.5M Ukraine Kharkov
34%
1.3M Russie Kazan
27%
1.3M Russie Nijni Novgorod
27%
1.1M Russie Volgograd
26%
1.1M Russie Rostov
23%
1.2M Russie Samara
10%
1.1M Russie Oufa
7%
Aucun quiz correspondant
Distribution des résultats
% des personnes avec chaque résultat
Percentile par nombre de réponses
Votre historique - résultats
Vous n’avez pas pris ce quiz